=LDR 00000nam 2200000 4500 =001 INLIS000000000051801 =005 20171219091412 =035 ##$$a 0010-1217000041 =007 ta =008 171219###########################0###### =020 ##$$a 979-691-219-8 =082 ##$$a 332 =084 ##$$a 332 Cas k =245 ##$$a Cases in Finance : $b Kasus Kasus Keuangan /$c Jim DeMello =260 ##$$a Jakarta :$b Salemba Empat,$c 2006 =300 ##$$a 226 hlm ; $c 23 cm =990 ##$$a 1340413404 =990 ##$$a 20703695/Pb-07 =990 ##$$a 20703695/Pb-07